Advanced learners Dictionary (Record no. 3280)

MARC details
000 -LEADER
fixed length control field 00318nam a22001457a 4500
005 - DATE AND TIME OF LATEST TRANSACTION
control field 20160620141105.0
008 - FIXED-LENGTH DATA ELEMENTS--GENERAL INFORMATION
fixed length control field 160620b xxu||||| |||| 00| 0 eng d
020 ## - INTERNATIONAL STANDARD BOOK NUMBER
ISBN 978-0-19-479910-2
041 ## - LANGUAGE CODE
Language code of text/sound track or separate title eng
082 ## - DEWEY DECIMAL CLASSIFICATION NUMBER
Item number 8553
245 ## - TITLE STATEMENT
Title Advanced learners Dictionary
260 ## - PUBLICATION, DISTRIBUTION, ETC. (IMPRINT)
Name of publisher Oxford
300 ## - PHYSICAL DESCRIPTION
Number of Pages 1796
942 ## - ADDED ENTRY ELEMENTS (KOHA)
Koha item type Books
Holdings
Lost status Damaged status Collection code Home library Current library Shelving location Date acquired Cost, normal purchase price Full call number Accession Number Koha item type
    LIFE SKILL JRU Library JRU Library SHELF-103-D 20/06/2016 585.00 8553 8553 Books